000
00186nam a22000977a 4500
999
_c
65133
_d
65130
082
_a
297.01You
100
_a
yousuf Ali
245
_a
The Message of Islam
300
_a
127p
942
_c
BK